MARC

LEADER 00000nam0a2200000 4500
001 30558
005 20231101210000.0
010 |a 5846300197 
035 |a (RuTPU)RU\TPU\book\30830 
035 |a BOOK00030907 
090 |a 30558 
100 |a 20011209d2000 m y0rusy50 ca 
101 0 |a rus 
102 |a RU 
105 |a y j 001zy 
200 1 |a Гайрайго. Японская транскрипция иностранных слов  |e учебное пособие  |f Е. В. Маевский, Н. Г. Рысина; МГУ; Ин-т стран Азии и Африки 
210 |a Москва  |c Муравей-Гайд  |d 2000 
215 |a 48 с. 
320 |a Библиогр.: с. 47. 
606 1 |a Японский язык  |2 stltpush  |3 (RuTPU)RU\TPU\subj\21832  |9 46762 
610 1 |a письменность 
610 1 |a графика 
610 1 |a транскрипция 
610 1 |a учебные пособия 
686 |a Ш175.12-923  |v LBC/SL-A  |2 rubbk 
700 1 |a Маевский  |b Е. В.  |g Евгений Викторович 
701 1 |a Рысина  |b Н. Г.  |g Наталья Григорьевна 
712 0 2 |a Московский государственный университет им. М. В. Ломоносова (МГУ)  |b Институт стран Азии и Африки (ИСАА)  |2 stltpush  |3 (RuTPU)RU\TPU\col\455 
801 0 |a RU  |b 63413507  |c 20011209  |g PSBO 
801 2 |a RU  |b 63413507  |c 20161108  |g PSBO 
942 |c BK